000 00595nam a2200205Ia 4500
003 OSt
005 20250729111746.0
008 210719s1953 xx 000 0 und d
040 _cAL
041 _aeng
082 _a510.92 BELM
100 _aBell E T
_9220621
245 _aMen of mathematics 1
260 _aEngland
_bPenguin Books
_c1953
300 _a322p
_bPB
365 _b6
_cRs
650 _aBiography
_9220622
906 _aMathematicians Zeno Eudoxus Archimedes Descartes Fermat Pascal Newton Leibniz Euler Lagrange Laplace Monge Fourier Poncelet Gauss Cauchy
942 _2ddc
_cBK
999 _c211688
_d211688